000 00524nam a22001937a 4500
003 KOHA_MİRAKIL
005 20250409172415.0
008 250409b tu ||||| |||| 00| 0 tur d
020 _a9786057643254
040 _aTR-AnABB
_btur
_cTR-AnABB
041 _atur
082 _a863
_bHER 2020
100 1 _aHerrera, Yuri,
245 1 0 _aKrallığın işleri /
_cYuri Herrera
260 _aİstanbul :
_bNotos Kitap,
_c2020
300 _a99 sayfa ;
_c19 cm
650 0 4 _aMeksika edebiyatı, roman
942 _2ddc
_cBK
999 _c8621
_d8621
900 _bGizem YORULMAZ